000 00720nam a2200241Ia 4500
008
020 _a0256138354
049 _aMAIN
090 _aPE1408CAR
100 _aCardanha,Judith Mallegol.
245 0 0 _aCareer writing skills /
_cJudith Mallegol Cardanha, educational consultant.
260 _aBoston :
_bRichard Irwin,
_c1993.
300 _axiv, 185 p. :
_bill. ;
_c25 cm.
500 _aIncludes answer key.
500 _aIncludes index.
650 0 _aWriting
_xProblems, exercises, etc.
700 1 _aCardanha, Judith Mallegol.
907 _a.b10171411
_b07-05-15
_c16-08-05
003
005 20230123134328.0
040 _cNUST
942 _cBOOKS
_kPE1408CAR
999 _c164006
_d164006